Relaciones históricos-geográficas de la audiencia de Quito siglos XVI-XIX / (Record no. 63746)
[ view plain ]
| 000 -LEADER | |
|---|---|
| fixed length control field | 00659cam a2200181 a 4500 |
| 008 - FIXED-LENGTH DATA ELEMENTS--GENERAL INFORMATION | |
| fixed length control field | 040217s1994 ec 000 0 spa u |
| 020 ## - INTERNATIONAL STANDARD BOOK NUMBER | |
| International Standard Book Number | 997803000X |
| 050 00 - LIBRARY OF CONGRESS CALL NUMBER | |
| Classification number | F3781 .3 |
| Item number | R45 1994 |
| 245 00 - TITLE STATEMENT | |
| Title | Relaciones históricos-geográficas de la audiencia de Quito siglos XVI-XIX / |
| Statement of responsibility, etc | ed. de Pilar Ponce Leiva. |
| 260 ## - PUBLICATION, DISTRIBUTION, ETC. (IMPRINT) | |
| Place of publication, distribution, etc | Quito, Ecuador : |
| Name of publisher, distributor, etc | MARKA, Instituto de Historia y Antropología Andina : |
| -- | Abya-Yala, |
| Date of publication, distribution, etc | 1994. |
| 300 ## - PHYSICAL DESCRIPTION | |
| Extent | v. ; |
| Dimensions | 24 cm. |
| 440 #0 - SERIES STATEMENT/ADDED ENTRY--TITLE | |
| Title | Fuentes para la historia andina ; |
| Volume number/sequential designation | 2 |
| 505 1# - FORMATTED CONTENTS NOTE | |
| Formatted contents note | Contenido: |
| Miscellaneous information | v.2. |
| Title | S. XVII-XIX |
| 651 #0 - SUBJECT ADDED ENTRY--GEOGRAPHIC NAME | |
| Geographic name | Quito, Ecuador |
| General subdivision | Historia |
| 700 1# - ADDED ENTRY--PERSONAL NAME | |
| Personal name | Ponce Leiva, Pilar, ed. |
| 942 ## - ADDED ENTRY ELEMENTS (KOHA) | |
| Source of classification or shelving scheme | Biblioteca del Cogreso de los Estados Unidos |
| Koha item type | Libro |
| Estado de pérdida | Fuente de clasificación | Estado del daño | No para préstamo | Ubicación permanente | Ubicación actual | Apartado o colección | Fecha de adquisición | Edición | Dependencia de educación superior (DES) | Área del conocimiento | Clasificación | Código de Barras | Date last seen | Número de copia | Tipo de recurso |
|---|---|---|---|---|---|---|---|---|---|---|---|---|---|---|---|
| Biblioteca del Cogreso de los Estados Unidos | Biblioteca del Instituto de Investigaciones Históricas | Biblioteca del Instituto de Investigaciones Históricas | General | 14/08/2018 | 1a ed. | Humanidades | Ciencias Sociales y Administrativas | F3781 .3 R45 1994 V.2 | IIH000024203 | 14/08/2018 | C:1 | Libro |